Statistics for All County Seats in Idaho

Click here to take the quiz!

General Stats

  • This quiz has been taken 28 times
  • The average score is 37 of 44

Answer Stats

CountyCounty Seat% Correct
AdaBoise
100%
GoodingGooding
100%
JeromeJerome
100%
ButteArco
92%
BoundaryBonners Ferry
92%
KootenaiCoeur d'Alene
92%
BonnevilleIdaho Falls
92%
LatahMoscow
92%
ElmoreMountain Home
92%
BannockPocatello
92%
BonnerSandpoint
92%
Twin FallsTwin Falls
92%
PowerAmerican Falls
85%
BinghamBlackfoot
85%
CassiaBurley
85%
CusterChallis
85%
ClarkDubois
85%
GemEmmett
85%
CamasFairfield
85%
IdahoGrangeville
85%
BlaineHailey
85%
BoiseIdaho City
85%
Nez PerceLewiston
85%
LewisNezperce
85%
ClearwaterOrofino
85%
Bear LakeParis
85%
PayettePayette
85%
MadisonRexburg
85%
JeffersonRigby
85%
LemhiSalmon
85%
LincolnShoshone
85%
CaribouSoda Springs
85%
FremontSt. Anthony
85%
BenewahSt. Maries
85%
ShoshoneWallace
85%
ValleyCascade
77%
AdamsCouncil
77%
TetonDriggs
77%
OneidaMalad City
77%
OwyheeMurphy
77%
MinidokaRupert
77%
WashingtonWeiser
77%
FranklinPreston
69%
CanyonCaldwall
46%

Score Distribution

Percentile by Number Answered

Percent of People with Each Score

Your Score History

You have not taken this quiz